[Event "Torun op"]
[Site "Torun"]
[Date "2002.??.??"]
[Round "9"]
[White "Radoszewski, P."]
[Black "Narolski, Piotr"]
[Result "1/2-1/2"]
[WhiteElo "1600"]
[BlackElo "1600"]
[PlyCount "74"]
[EventDate "2002.??.??"]
[EventType "swiss"]
[EventRounds "9"]
[EventCountry "POL"]
[SourceTitle "EXT 2007"]
[Source "ChessBase"]
[SourceDate "2006.11.23"]
[SourceVersion "1"]
[SourceVersionDate "2006.11.23"]
[SourceQuality "1"]

1. e4 e5 2. Nf3 Nc6 3. Bb5 a6 4. Ba4 Nf6 5. 0-0 Nxe4 6. Re1 Nc5 7. Bxc6 dxc6 8. Nxe5 Be7 9. b3 0-0 10. Bb2 Bf6 11. Nc3 Re8 12. d4 Nd7 13. Ne4 Nxe5 14. Nxf6+ Qxf6 15. dxe5 Qg6 16. Re3 Bf5 17. Rg3 Rad8 18. Qe2 Qe6 19. Rg5 Rd5 20. Rd1 Red8 21. Rxd5 Rxd5 22. f4 h6 23. Rg3 Kh8 24. h3 Qe7 25. e6 f6 26. Re3 a5 27. c4 Rd8 28. Kh2 Re8 29. Qh5 Bb1 30. Bxf6 gxf6 31. Qxh6+ Bh7 32. Qh5 Rg8 33. Qh4 Rg7 34. f5 Qd6+ 35. Kh1 Qd1+ 36. Re1 Qd2 37. g4 Re7 1/2-1/2

[Event "Torun op"]
[Site "Torun"]
[Date "2002.??.??"]
[Round "1"]
[White "Stuczynski, Andrzej"]
[Black "Narolski, Piotr"]
[Result "1-0"]
[WhiteElo "2018"]
[BlackElo "1600"]
[PlyCount "68"]
[EventDate "2002.??.??"]
[EventType "swiss"]
[EventRounds "9"]
[EventCountry "POL"]
[SourceTitle "EXT 2007"]
[Source "ChessBase"]
[SourceDate "2006.11.23"]
[SourceVersion "1"]
[SourceVersionDate "2006.11.23"]
[SourceQuality "1"]

1. e4 e5 2. Nf3 Nc6 3. Bb5 Nf6 4. 0-0 Nxe4 5. d4 Be7 6. dxe5 0-0 7. Qd5 Nc5 8. Be3 Nb4 9. Qd1 a6 10. Be2 d6 11. c3 Nc6 12. Bxc5 dxc5 13. Qc2 Bg4 14. Nbd2 Nxe5 15. Nxe5 Bxe2 16. Rfe1 Bh5 17. Ndc4 f6 18. Qf5 fxe5 19. Qxh5 b5 20. Nxe5 Bd6 21. Nf3 Qf6 22. Qd5+ Kh8 23. Re6 Qd8 24. Qe4 h6 25. Re1 Qd7 26. Nh4 Kg8 27. Ng6 Rfd8 28. g3 Qf7 29. b3 a5 30. f4 Rab8 31. f5 Ra8 32. g4 Kh7 33. g5 Rab8 34. Ne5 Bxe5 1-0